00904 a2200181 45000010006000000050017000060080041000230030015000640400040000790800056001192450036001752500012002112640045002233000019002685050406002870410008006931000021007013357320260407155627.0260407a1978 arg spa dAR-UNSa-BCEJYS aAR-UNSa-BCEJYSbspacAR-UNSa-BCEJYS a658.310.8xGestión y administración de personal10aEmpleo y desarrollo de personal a3a. ed. 1aBuenos Aires :bLayetana Edicionesc1978 a277 p.c22 cm. aParte I. Empleos: 1. Introducción - 2. Iniciación del proceso - 3. Medios de contacto - 4. Medios de selección - 5. Errores, elección e ingreso - 6. "Empleos" em la empresa -- Parte II. Evaluación de desempeño: 1. Introducción - 2. Instrumentación del sistema -- Parte III. Planeamiento de carrera: 1. Introducción - 2. Técnicas del planeamiento - 3. Dinámica del planeamiento aspa1 aMaristany, Jaime